Statistics for Call of Duty Black Ops 4 Guns

Click here to take the quiz!

General Stats

  • This quiz has been taken 300 times
  • The average score is 17 of 26

Answer Stats

Gun TypeAnswer% Correct
ARICR-7
85%
ARKN-57
77%
SNIPERPaladin HB50
77%
TACTICAL RIFLESwordfish
74%
ARMaddox RFB
73%
SMGSaug 9mm
73%
SNIPERKoshka
72%
LMGTitan
71%
SHOTGUNMOG-12
68%
ARRampart-17
68%
SMGMX9
66%
SNIPEROutlaw
65%
SMGSpitfire
65%
PISTOLStrife
64%
TACTICAL RIFLEAuger DMR
63%
TACTICAL RIFLEABR 223
62%
SMGCordite
60%
LMGHades
60%
SHOTGUNSG12
56%
ARVapr-XKG
56%
PISTOLMozu
55%
SNIPERSDM
54%
SMGGKS
52%
LMGVKM 750
52%
LAUNCHERHellion Salvo
47%
PISTOLRK7 Garrison
40%

Score Distribution

Percentile by Number Answered

Percent of People with Each Score

Your Score History

You have not taken this quiz